EMEA property guide (Record no. 109112)

MARC details
000 -LEADER
fixed length control field 00948cad a22002055a 4500
001 - CONTROL NUMBER
control field L146318
008 - FIXED-LENGTH DATA ELEMENTS--GENERAL INFORMATION
fixed length control field 090109s2008 xxkabdof s 000 0 eng d
035 ## - SYSTEM CONTROL NUMBER
System control number (Sirsi) u146318
041 0# - LANGUAGE CODE
Language code of text/sound track or separate title eng
050 04 - LIBRARY OF CONGRESS CALL NUMBER
Classification number 333.33 $2 18
110 2# - MAIN ENTRY--CORPORATE NAME
Corporate name or jurisdiction name as entry element Colliers International
9 (RLIN) 5548
245 00 - TITLE STATEMENT
Title EMEA property guide
Remainder of title 2008-2009
Medium [electronic resource]
260 ## - PUBLICATION, DISTRIBUTION, ETC.
Place of publication, distribution, etc. [S.l.]
Name of publisher, distributor, etc. Colliers International
Date of publication, distribution, etc. 2008
520 ## - SUMMARY, ETC.
Summary, etc. 2008-2009 edition of this annual publication covering the prospects of the commercial property market within the EMEA details sale and leasing standards conditions and the measuring approach adopted in the commercial property sector in different countries. Includes a short glossary of terms.
590 ## - LOCAL NOTE (RLIN)
Local note KA NTK
651 #4 - SUBJECT ADDED ENTRY--GEOGRAPHIC NAME
Geographic name Europe
690 ## - LOCAL SUBJECT ADDED ENTRY--TOPICAL TERM (OCLC, RLIN)
Topical term or geographic name as entry element PROPERTY-COMMERCIAL PROPERTY-COMMERCIAL PROPERTY MARKET
856 40 - ELECTRONIC LOCATION AND ACCESS
Uniform Resource Identifier <a href="https://www.colliers.com/Markets/EMEA/MarketReports/">https://www.colliers.com/Markets/EMEA/MarketReports/</a>
Public note View the report free of charge at www.colliers.com...
942 ## - ADDED ENTRY ELEMENTS (KOHA)
Suppress in OPAC 0
Holdings
Withdrawn status Lost status Source of classification or shelving scheme Damaged status Not for loan Home library Current library Shelving location Date acquired Total Checkouts Full call number Barcode Date last seen Copy number Price effective from Koha item type
    Dewey Decimal Classification     Virtual Virtual Online 09/01/2009   ONLINE PUBLICATION 146318-1001 06/08/2019 1 06/08/2019 Book